Statistics for States That Beat Illinois

Click here to take the quiz!

General Stats

  • This quiz has been taken 111 times
    (10 since last reset)
  • The average score is 16 of 18

Answer Stats

RankCategoryAnswer% Correct
10Highest % HispanicNew Mexico | Texas | California | Arizona | Nevada | Florida | Colorado | New Jersey | New York
100%
8(t)*Highest Tax BurdenNew York | Hawaii | Vermont | Maine | Minnesota | Rhode Island | New Jersey | Connecticut(t)
100%
8Most International TouristsNew York | Florida | California | Nevada | Hawaii | Texas | Massachusetts
100%
8Slowest GrowingWest Virginia | Pennsylvania | Iowa | New York | Ohio | North Dakota | Rhode Island
100%
7Most CountiesTexas | Georgia | Virginia | Kentucky | Missouri | Kansas
100%
10Fewest Traffic Deaths Per CapitaNew York | Massachusetts | Minnesota | New Jersey | Hawaii | New Hampshire | Washington | Connecticut | Rhode Island
90%
4Highest % of Residents Commuting on Public TransitNew York | New Jersey | Massachusetts
90%
6Longest Average CommuteNew York | Maryland | New Jersey | Massachusetts | California
90%
6Most TornadoesTexas | Kansas | Oklahoma | Nebraska | Florida
90%
6Highest PopulationCalifornia | Texas | Florida | New York | Pennsylvania
90%
6Least ForestedNorth Dakota | Nebraska | South Dakota | Kansas | Iowa
90%
7Least HappyNew York | Connecticut | New Jersey | Michigan | Indiana | California
90%
7(t)*Highest % CatholicRhode Island | Massachusetts | New Jersey | New Mexico | Connecticut | New York | California(t)
90%
5Largest East of the Mississippi RiverMichigan | Florida | Wisconsin | Georgia
80%
3Most People LeavingCalifornia | New York
80%
3Shortest Great Lakes CoastlineIndiana | Pennsylvania
80%
2Highest Corn ProductionIowa
80%
4Most Coal MiningWyoming | West Virginia | Pennsylvania
70%

Score Distribution

Percentile by Number Answered

Percent of People with Each Score

Your Score History

You have not taken this quiz since the last reset